000 01061cam a2200301 a 4500
001 24954
003 BD-RjUL
005 20211209050817.0
008 140315s1948 ctucf b 001 0 eng
020 _a0313228906 (lib. bdg.)
035 _a(BD-RjUL)25023
040 _aDLC
_cDLC
_dDLC
_dBD-RjUL
_beng
041 _aeng
082 0 0 _a942.05
_219
_bZEF
100 1 _aZeeveld, W. Gordon
_q(William Gordon),
_d1902-1975.
_960427
245 1 0 _aFoundations of Tudor policy /
_cW. Gordon Zeeveld.
260 _aWestport, Conn. :
_bGreenwood Press,
_cc1948.
300 _avii, 291 p., [2] leaves of plates :
_bports. ;
_c23 cm.
500 _aReprint. Originally published: Cambridge : Harvard University Press, 1948.
504 _aIncludes Bibliography: p. 271-279 and index.
600 3 0 _aTudor, House of.
_9862
650 0 _aHumanism.
_976765
651 0 _aGreat Britain
_xIntellectual life
_y16th century.
_965252
651 0 _aGreat Britain
_xPolitics and government
_y1509-1547.
_950273
942 _2ddc
_cBK
999 _c24954
_d24954